Statistics for Baseball Terms

Click here to take the quiz!

General Stats

  • This quiz has been taken 9,856 times
  • The average score is 16 of 20

Answer Stats

Description Term % Correct
Bases-loaded home runGrand Slam
97%
Where the pitcher standsPitcher's Mound
96%
Where players sit when not playingDugout
92%
Where pitchers warm upBullpen
91%
Position that only exists in the ALDesignated Hitter
87%
Where the batter standsBatter's Box
86%
Game-ending home runWalk-Off
86%
Where the next batter standsOn-Deck Circle
85%
Player who can bat lefty or rightySwitch Hitter
85%
Fourth batter in the lineupClean-Up
83%
First batter in the lineupLeadoff
83%
Single, double, triple and home run
in a single game
Cycle
78%
Team's top starting pitcherAce
77%
Automatic double for a hit that
bounces over the fence
Ground Rule
Double
76%
Dirt strip before the fenceWarning Track
75%
Pitch thrown with no spinKnuckleball
73%
Sacrifice bunt with a runner on 3rdSqueeze
64%
Nickname for the Third Base positionHot Corner
57%
Another term for a rundownPickle
56%
A curveball that doesn't curveHanging Curve
40%

Score Distribution

Percentile by Number Answered

Percent of People with Each Score

Your Score History

You have not taken this quiz